دراسات عربية فى الموهبة و التفوق / (Record no. 15725)
[ view plain ]
| 000 -الفاتح | |
|---|---|
| حقل البيانات ثابتة الطول | 00924nam a22001937a 4500 |
| 008 - عناصر البيانات ثابتة الطول - معلومات عامة | |
| حقل البيانات ثابتة الطول | 110721t xxu||||| |||| 00| 0 ara d |
| 020 ## - الرقم الدولى المعيارى للكتب | |
| الرقم الدولى المعيارى للكتاب | 9776048145 |
| 082 ## - رقم تصنيف ديوى العشرى | |
| رقم الطبعة | 22 |
| رقم المادة | س ل ى |
| رقم التصنيف | 370.15 |
| 100 ## - المدخل الرئيسى - إسم شخصى | |
| 9 (RLIN) | 26396 |
| الإسم الشخصى | سليمان،عبد الرحمن سيد |
| 245 ## - بيان العنوان | |
| العنوان | دراسات عربية فى الموهبة و التفوق / |
| بيان المسئوليه,etc | اعداد عبد الرحمن سيد سليمان، السيد احمد هاشم |
| 260 ## - PUBLICATION, DISTRIBUTION, ETC. (IMPRINT) | |
| مكان الناشر او الموزع | القاهرة: |
| اسم الناشر او الموزع | مكتبة دار القاهرة،2004. |
| تاريخ النشر أو التوزيع | 2004. |
| 300 ## - الوصف المادى | |
| التعداد | 316 ص، |
| أبعاد الوعاء | 24سم. |
| 650 ## - المدخل الاضافى بالموضوع-مصطلح موضوعى | |
| 9 (RLIN) | 26405 |
| مصطلح موضوعي أو اسم جغرافي كعنصر مدخل | علم النفس التربوى |
| 650 ## - المدخل الاضافى بالموضوع-مصطلح موضوعى | |
| 9 (RLIN) | 22403 |
| مصطلح موضوعي أو اسم جغرافي كعنصر مدخل | الأطفال |
| التقسيم الفرعي العام | علم نفس |
| 650 ## - المدخل الاضافى بالموضوع-مصطلح موضوعى | |
| 9 (RLIN) | 26406 |
| مصطلح موضوعي أو اسم جغرافي كعنصر مدخل | الفروق الفردية فى التعليم |
| 700 ## - المدخل الاضافى - اسم شخصى | |
| 9 (RLIN) | 26398 |
| الإسم الشخصى | ابو هاشم،السيد احمد |
| العنوان والكلمات الأخرى المصاحبة للاسم | اعداد |
| 942 ## - عناصر المدخل الإضافي( كوها) | |
| مصدر التصنيف او مخطط الترفيف | Dewey Decimal Classification |
| Koha [default] item type | Book - Borrowing |
| حالة التراجع | حالة الفقد | مصدر التصنيف او خطة الترفيف | حالة تلف | ليس للاعارة | مجموعات كوها | المكان الدائم | المكان الحالي | موقع الترفيف | تاريخ الاكتساب | Source of acquisition | رقم الاستدعاء | الباركود | Date last seen | نوع الوعاء |
|---|---|---|---|---|---|---|---|---|---|---|---|---|---|---|
| Dewey Decimal Classification | Central Library | Central Library | First floor | 25/07/2011 | Purchase | 370.15 س ل ى | 000024434 | 15/07/2025 | Book - Borrowing |